Fishers of men. (Record no. 11008)

000 -LEADER
fixed length control field 00958nam a2200241 a 4500
001 - CONTROL NUMBER
control field :::00008801$&:&@@
003 - CONTROL NUMBER IDENTIFIER
control field OkBaRHE
005 - DATE AND TIME OF LATEST TRANSACTION
control field 20000607103346.0
008 - FIXED-LENGTH DATA ELEMENTS--GENERAL INFORMATION
fixed length control field s1984 j 000 0 eng u
040 ## - CATALOGING SOURCE
Transcribing agency
100 1# - MAIN ENTRY--PERSONAL NAME
Personal name Sumrall, Lester F.
245 10 - TITLE STATEMENT
Title Fishers of men.
260 ## - PUBLICATION, DISTRIBUTION, ETC. (IMPRINT)
Place of publication, distribution, etc South Bend, IN., :
Name of publisher, distributor, etc LeSea Publishing Co.
Date of publication, distribution, etc 1984
300 ## - PHYSICAL DESCRIPTION
Extent 66 p. ;
Dimensions 18 cm.
650 ## - SUBJECT ADDED ENTRY--TOPICAL TERM
Topical term or geographic name as entry element Evangelism
650 ## - SUBJECT ADDED ENTRY--TOPICAL TERM
Topical term or geographic name as entry element Evangelistic Work
942 ## - ADDED ENTRY ELEMENTS (KOHA)
Source of classification or shelving scheme
Koha item type Books
Copies
Not for loan Source of classification or shelving scheme Shelving location Date acquired Barcode Full call number Lost status Koha item type Price effective from Copy number Permanent Location Date last seen Damaged status Withdrawn status
  General Stacks2010-04-148801BV 3795 .S8 Books2010-04-141RHEMA Bible Training College2010-04-14  
  General Stacks2010-04-1415022BV 3795 .S8 Books2010-04-142RHEMA Bible Training College2010-04-14  
  General Stacks2010-04-1415023BV 3795 .S8 Books2010-04-143RHEMA Bible Training College2012-02-17  
  General Stacks2010-04-1415024BV 3795 .S8 Books2010-04-144RHEMA Bible Training College2010-04-14  
  General Stacks2010-04-1415025BV 3795 .S8 Books2010-04-145RHEMA Bible Training College2010-04-14